শালগ্রাম শিলার সন্ধানে / (Record no. 40198)
[ view plain ]
| 000 -LEADER | |
|---|---|
| fixed length control field | 00878nam a2200241 a 4500 |
| 001 - CONTROL NUMBER | |
| control field | 40198 |
| 003 - CONTROL NUMBER IDENTIFIER | |
| rucl marc code | BD-RjUL |
| 005 - DATE AND TIME OF LATEST TRANSACTION | |
| control field | 20211209053147.0 |
| 008 - FIXED-LENGTH DATA ELEMENTS--GENERAL INFORMATION | |
| fixed length control field | 160424r20142000xxua|||| b||| 00| e ben d |
| 020 ## - INTERNATIONAL STANDARD BOOK NUMBER | |
| International Standard Book Number | 8177560484 |
| Terms of availability | : Tk. 200.00 |
| 035 ## - SYSTEM CONTROL NUMBER | |
| System control number | (BD-RjUL) 40313 |
| 040 ## - CATALOGING SOURCE | |
| Original cataloging agency | BD-RjUL |
| Language of cataloging | ben |
| Transcribing agency | BD-RjUL |
| 041 ## - LANGUAGE CODE | |
| Language code of text/sound track or separate title | ben |
| 082 ## - DEWEY DECIMAL CLASSIFICATION NUMBER | |
| Edition number | 23 |
| Classification number | 294.535 |
| Author mark and year | ROS 2014 |
| 100 ## - MAIN ENTRY--PERSONAL NAME | |
| Personal name | রায়, অশোক |
| 9 (RLIN) | 121942 |
| 245 10 - TITLE STATEMENT | |
| Title | শালগ্রাম শিলার সন্ধানে / |
| Statement of responsibility, etc. | অশোক রায় |
| 260 ## - PUBLICATION, DISTRIBUTION, ETC. (IMPRINT) | |
| Place of publication, distribution, etc. | কলিকাতা : |
| Name of publisher, distributor, etc. | আনন্দ, |
| Date of publication, distribution, etc. | ২০১৪ |
| 300 ## - PHYSICAL DESCRIPTION | |
| Pagination | ১৯১ পৃ. : |
| Illustrations | চিত্র ; |
| Size | ২১ সেমি. |
| 504 ## - BIBLIOGRAPHY, ETC. NOTE | |
| Bibliography, etc | গ্রন্থপঞ্জি সংযুক্ত |
| 650 ## - SUBJECT ADDED ENTRY--TOPICAL TERM | |
| Topical term or geographic name as entry element | বিষ্ণু (হিন্দু দেবতা) |
| 9 (RLIN) | 123938 |
| Topical term or geographic name as entry element | Vishnu (Hindu deity) |
| 9 (RLIN) | 123939 |
| 942 ## - ADDED ENTRY ELEMENTS (KOHA) | |
| Source of classification or shelving scheme | Dewey Decimal Classification |
| Koha item type | Books |
| Lost status | Source of classification or shelving scheme | Damaged status | Not for loan | Collection code | Permanent Location | Current Location | Shelving location | Date acquired | Source of acquisition | Cost, normal purchase price | Total Checkouts | Full call number | Date last seen | Copy number | Koha item type | Date checked out |
|---|---|---|---|---|---|---|---|---|---|---|---|---|---|---|---|---|
| Dewey Decimal Classification | Not For Loan | Non-fiction | Central Library, University of Rajshahi | Central Library, University of Rajshahi | Reading Room | 23/06/2015 | Batighor, Chittagong | 600.00 | B 294.535 ROS 2014 | 24/04/2016 | C-1 | Books | ||||
| Dewey Decimal Classification | Non-fiction | Central Library, University of Rajshahi | Central Library, University of Rajshahi | 23/06/2015 | Batighor, Chittagong | 600.00 | B 294.535 ROS 2014 | 24/04/2016 | C-2 | Books | ||||||
| Dewey Decimal Classification | Non-fiction | Central Library, University of Rajshahi | Central Library, University of Rajshahi | 23/06/2015 | Batighor, Chittagong | 600.00 | 2 | B 294.535 ROS 2014 | 28/06/2018 | C-3 | Books | 15/05/2018 |